Top 100 Biggest Cities in Montana - Statistics

General Stats
  • This quiz has been taken 1,165 times
    161 since last reset
  • The average score is 23 of 100
Answer Stats
# City Population % Correct
1 Billings 117,116
99%
6 Helena 32,091
97%
4 Bozeman 53,293
92%
2 Missoula 73,489
91%
5 Butte 34,494
88%
3 Great Falls 60,442
79%
7 Kalispell 24,558
62%
9 Anaconda 9,421
54%
16 Whitefish 7,751
49%
10 Havre 9,362
48%
13 Miles City 8,354
48%
8 Belgrade 10,460
45%
35 Glasgow 3,202
38%
15 Livingston 8,040
37%
78 West Yellowstone 1,272
35%
34 Big Sky 3,591
34%
31 Dillon 3,880
34%
26 Glendive 4,873
34%
17 Laurel 7,222
31%
28 Hamilton 4,659
30%
40 Libby 2,775
30%
23 Columbia Falls 5,308
29%
38 Deer Lodge 2,938
29%
46 Red Lodge 2,257
29%
19 Sidney 6,346
29%
32 Hardin 3,818
27%
20 Lewistown 5,952
27%
59 Columbus 1,857
26%
T90 Browning 1,018
25%
24 Polson 5,148
25%
36 Shelby 3,169
24%
37 Cut Bank 3,056
23%
56 East Helena 1,944
23%
52 Three Forks 1,989
23%
95 Lincoln 998
22%
29 Lolo 4,399
22%
69 Big Timber 1,650
21%
45 Conrad 2,318
21%
39 Montana City 2,918
21%
43 Wolf Point 2,517
21%
58 Malta 1,860
20%
61 Baker 1,802
19%
64 Choteau 1,721
19%
74 Fort Benton 1,449
19%
18 Lockwood 7,195
19%
49 Manhattan 2,086
19%
50 Stevensville 2,002
19%
76 Thompson Falls 1,336
19%
82 Corvallis 1,125
18%
70 Forsyth 1,647
18%
63 Roundup 1,742
18%
75 Eureka 1,380
17%
55 Ronan 1,955
17%
62 Townsend 1,787
17%
92 Whitehall 1,006
17%
25 Bigfork 5,118
16%
T98 White Sulphur Springs 955
16%
80 Boulder 1,201
15%
48 Colstrip 2,096
14%
68 Crow Agency 1,657
14%
54 Frenchtown 1,958
14%
89 Park City 1,023
14%
84 Plains 1,106
14%
67 Plentywood 1,669
14%
81 Chinook 1,185
13%
66 Seeley Lake 1,682
13%
T98 Harlowton 955
12%
94 Scobey 999
12%
93 Absarokee 1,000
11%
21 Four Corners 5,901
11%
97 Gallatin Gateway 967
10%
100 Black Eagle 949
9%
T90 Clinton 1,018
9%
44 East Missoula 2,465
9%
41 Lakeside 2,705
9%
14 Evergreen 8,149
8%
57 Lame Deer 1,897
8%
47 Pablo 2,138
8%
60 Clancy 1,851
7%
27 Helena Valley Northwest 4,705
7%
11 Helena Valley Southeast 9,168
7%
42 North Browning 2,653
7%
22 Orchard Homes 5,377
7%
86 Somers 1,049
7%
96 Hays 996
6%
30 Malmstrom AFB 4,131
6%
72 Fort Belknap Agency 1,567
5%
33 Helena Valley Northeast 3,813
5%
12 Helena Valley West Central 8,670
5%
83 Marion 1,119
5%
53 South Browning 1,970
5%
65 Bonner-West Riverside 1,690
4%
88 Churchill 1,030
4%
77 Helena West Side 1,331
4%
73 King Arthur Park 1,549
4%
87 Rocky Boy West 1,042
4%
51 West Glendive 1,998
4%
85 Wheatland 1,103
4%
79 Helena Flats 1,206
3%
71 Sun Prairie 1,615
3%
No matching quizzes found
Score Distribution
Percent of People with Each Score
Percentile by Number Answered
Your Score History
You have not taken this quiz since the last reset